| 000 -LEADER |
| fixed length control field |
00815nam a22002177a 4500 |
| 005 - DATE AND TIME OF LATEST TRANSACTION |
| control field |
20240227085818.0 |
| 008 - FIXED-LENGTH DATA ELEMENTS--GENERAL INFORMATION |
| fixed length control field |
230209b ||||| |||| 00| 0 eng d |
| 020 ## - INTERNATIONAL STANDARD BOOK NUMBER |
| International Standard Book Number |
9781108438995 |
| 040 ## - CATALOGING SOURCE |
| Transcribing agency |
KH8 |
| 082 ## - DEWEY DECIMAL CLASSIFICATION NUMBER |
| Classification number |
495.1 WAN |
| 100 ## - MAIN ENTRY--PERSONAL NAME |
| Personal name |
Wang, Xixia |
| Relator term |
author |
| 245 ## - TITLE STATEMENT |
| Title |
Cambridge IGCSE™ Chinese as a Second Language: |
| Remainder of title |
Digital Teacher’s Resource/ |
| Statement of responsibility, etc. |
Xixia Wang, Ivy Liu So Ling, Martin Mak |
| 260 ## - PUBLICATION, DISTRIBUTION, ETC. |
| Place of publication, distribution, etc. |
Cambridge; |
| Name of publisher, distributor, etc. |
Cambridge University Press, . |
| 300 ## - PHYSICAL DESCRIPTION |
| Extent |
1 online resources |
| 500 ## - GENERAL NOTE |
| General note |
The only resources designed for the Cambridge IGCSE® Chinese as a Second Language syllabus (0523) for first examination from 2020. |
| 650 ## - SUBJECT ADDED ENTRY--TOPICAL TERM |
| Topical term or geographic name entry element |
Examination |
| 650 ## - SUBJECT ADDED ENTRY--TOPICAL TERM |
| Source of heading or term |
Chinese language examination |
| Form subdivision |
Study guides |
| 700 ## - ADDED ENTRY--PERSONAL NAME |
| Personal name |
Liu, So Ling Ivy |
| Relator term |
author |
| 700 ## - ADDED ENTRY--PERSONAL NAME |
| Personal name |
Mak, Martin |
| Relator term |
author |
| 942 ## - ADDED ENTRY ELEMENTS (KOHA) |
| Source of classification or shelving scheme |
|
| Koha item type |
Teaching Resources |